MARC

LEADER 00000nam0a2200000 4500
001 282517
005 20231101235515.0
020 |a RU  |b 84-76686 
035 |a (RuTPU)RU\TPU\book\306435 
090 |a 282517 
100 |a 20150131d1984 k y0rusy5003 ca 
101 0 |a rus 
102 |a RU 
105 |a a z 001zy 
200 1 |a Исследования в области горячего прессования в порошковой металлургии  |e межвузовский сборник  |f Новочеркасский политехнический институт им. Серго Орджоникидзе (НПИ) ; под ред. Ю. Г. Дорофеева 
210 |a Новочеркасск  |c Изд-во НПИ  |d 1984 
215 |a 118 с.  |c ил. 
320 |a Библиогр. в конце ст. 
606 1 |a Порошковая металлургия  |2 stltpush  |3 (RuTPU)RU\TPU\subj\68694  |9 83870 
610 1 |a горячее прессование 
610 1 |a исследования 
610 1 |a физико-механические свойства 
610 1 |a изделия 
610 1 |a химический состав 
610 1 |a технологические особенности 
675 |a 621.762  |z rus  |v 4 
702 1 |a Дорофеев  |b Ю. Г.  |g Юрий Григорьевич  |4 340 
712 0 2 |a Новочеркасский политехнический институт им. Серго Орджоникидзе (НПИ)  |c (1948-1993)  |2 stltpush  |3 (RuTPU)RU\TPU\col\227 
801 0 |a RU  |b RuMRKP  |c 19950704  |g psbo 
801 1 |a RU  |b 63413507  |c 20150131 
801 2 |a RU  |b 63413507  |c 20170503  |g RCR 
942 |c BK